000 00585nam a2200241Ia 4500
003 OSt
005 20220912151953.0
006 a|||||r|||| 00| 0
007 ta
008 220909b |||||||| |||| 00| 0 eng d
024 _a62935
037 _cTextual
040 _aCSL
_beng
_cCSL
041 _aeng
082 _aI:73, G1 CS
100 _aBancroft H
245 0 _aArborescent habit in angiosperms
260 _c1931
300 _ap.
_ccm.
650 _aBotany
942 _hI:73, G1 CS
_cTEXL
_2CC
999 _c78494
_d78494